[Event "t-EuCh U18"]
[Site "Balatonlelle HUN"]
[Date "2000.07.09"]
[Round "1"]
[White "Sebenik,M"]
[Black "Geanta,H"]
[Result "1/2-1/2"]
[WhiteElo "2287"]
[BlackElo "2232"]

1.d4 Nf6 2.Nf3 e6 3.c4 Bb4+ 4.Bd2 c5 5.Bxb4 cxb4 6.Qd3 O-O 7.e4 d6 8.Nbd2 Nc6
9.g3 e5 10.d5 Nb8 11.Bg2 Nbd7 12.O-O Nc5 13.Qc2 Bg4 14.h3 Bxf3 15.Bxf3 g6
16.h4 Qd7 17.Nb3 b6 18.Nxc5 bxc5 19.Bg2 a5 20.f3 a4 21.Kh2 a3 22.b3 Nh5 23.Bh3 Qe7
24.Rae1 Rae8 25.Qf2 f5 26.exf5 gxf5 27.f4 e4 28.Re3 Kh8 29.Qe2 Ng7 30.Re1 h5
31.Qd1 Qf6 32.R1e2 Kh7 33.Rd2 Kh6 34.Qe1 Re7 35.Qd1 Ne8 36.Rg2 Rg8 37.Qd2 Reg7
38.Qe1 Nc7 39.Qd2 Na6 40.Qe1 Nb8 41.Qc1 Nd7 42.Qd2 Nf8 43.Qe1 Ng6 44.Qe2  1/2-1/2

[Event "Schuhplattler Veterans vs Ladies"]
[Site "Munich GER"]
[Date "2000.07.11"]
[Round "7"]
[White "Galliamova,A"]
[Black "Hort,V"]
[Result "1-0"]
[WhiteElo "2526"]
[BlackElo "2539"]

1.d4 Nf6 2.c4 e6 3.Nf3 Bb4+ 4.Bd2 a5 5.g3 b6 6.Bg2 Bb7 7.O-O O-O 8.Nc3 Re8
9.Rc1 d6 10.Bg5 Bxc3 11.Rxc3 Nbd7 12.b3 Qe7 13.Bh3 h6 14.Bc1 Ne4 15.Rc2 Ndf6
16.Bg2 c5 17.Bb2 Red8 18.Qc1 cxd4 19.Nxd4 Rac8 20.Qe3 e5 21.Nb5 Nc5 22.Bxb7 Qxb7
23.Rd1 Ne8 24.Rcd2 Qb8 25.Rd5 f6 26.Ba3 Rc6 27.Qf3 Rcc8 28.Qf5 Kf7 29.h4 Rc6
30.Kh2 Ke7 31.Qh7 Qb7 32.Qc2 Qd7 33.Qd2 Ra8 34.Qe3 Qe6 35.Qf3 Rd8 36.Bb2 Rd7
37.R5d2 Rc8 38.Ba3 Kf7 39.Nc3 Kf8 40.Nd5 Rb7 41.Nc3 Rd7 42.Kg1 Rf7 43.Ne4 Rd7
44.Rd5 Rcd8 45.Nc3 Rc8 46.Qe3 Rcd8 47.Na4 Nxa4 48.bxa4 Rb7 49.Qd2 Rc7 50.c5 bxc5
51.Bxc5 Rdd7 52.Ba3 Rc4 53.Qxa5 Ke7 54.Qb5 Rc2 55.Qd3 Rc6 56.Qe4 f5 57.Qxe5 Qxe5
58.Rxe5+ Kd8 59.Rxf5 Rc2 60.Kf1 Rxa2 61.Rd3 Ke7 62.a5 Ra7 63.g4 g6 64.Rb5 Rc2
65.h5 g5 66.Rf5 Rc4 67.f3 Ra4 68.Bb2 Kd8 69.Rf8 Rb7 70.Bc3 Kd7 71.Rh8 Rb3
72.Rh7+ Kc6 73.Rxh6 Ra2 74.Rg6 Rc2 75.h6 Rb1+ 76.Kf2 Rh1 77.Bd2 Ra2 78.a6 Raa1
79.Bxg5 Rh2+ 80.Kg3 Rxe2 81.h7 Rg1+ 82.Kf4 Rh1 83.Rh6  1-0

[Event "Chesswise International"]
[Site "Stratton Mountain USA"]
[Date "2000.07.12"]
[Round "4"]
[White "Martirosov,V"]
[Black "Rahman,Zia"]
[Result "1/2-1/2"]
[WhiteElo "2256"]
[BlackElo "2421"]

1.d4 e6 2.Nf3 Nf6 3.c4 Bb4+ 4.Bd2 Qe7 5.g3 Nc6 6.Bg2 Bxd2+ 7.Nbxd2 d6 8.O-O a5
9.e4 e5 10.d5 Nb8 11.c5 O-O 12.cxd6 cxd6 13.Rc1 Na6 14.Nc4 Qd8 15.Ne1 b5
16.Ne3 Nc5 17.f3 Qb6 18.Qd2 Ba6 19.Kh1 h6 20.Nf5  1/2-1/2

[Event "t-EuCh U18"]
[Site "Balatonlelle HUN"]
[Date "2000.07.14"]
[Round "6"]
[White "Sebenik,M"]
[Black "Saric,A"]
[Result "1/2-1/2"]
[WhiteElo "2287"]
[BlackElo "2229"]

1.d4 e6 2.c4 Nf6 3.Nf3 Bb4+ 4.Bd2 Qe7 5.g3 b6 6.Bg2 Bb7 7.O-O Bxd2 8.Nbxd2 O-O
9.Re1 d6 10.e4 e5 11.d5 a5 12.Bh3 g6 13.Qc2 Nh5 14.b3 Ng7 15.Nh4 Na6 16.a3 Bc8
17.Bxc8 Raxc8 18.Qc3 f5 19.b4 f4 20.Ng2 g5 21.g4 f3 22.Nxf3 axb4 23.axb4 Nxb4
24.Qxb4 Rxf3 25.Ra3 Qf7 26.Qb2 Rf8 27.Rxf3 Qxf3 28.Qe2 Qxe2 29.Rxe2 Ra8 30.h4 gxh4
31.Nxh4 h5 32.g5 Ra1+ 33.Kg2 Kf7 34.Rc2 Re1 35.f3 Ra1 36.Kh2 Ra5 37.Rb2 Ne8
38.Kg3 Ra4 39.Rc2 Ra1 40.Kh2 Ra5 41.Rb2 Ra1  1/2-1/2

[Event "ch-NOR"]
[Site "Asker NOR"]
[Date "2000.07.15"]
[Round "9"]
[White "Johannessen,LE"]
[Black "Fyllingen,R"]
[Result "1/2-1/2"]
[WhiteElo "2431"]
[BlackElo "2408"]

1.d4 Nf6 2.c4 e6 3.Nf3 Bb4+ 4.Bd2 a5 5.Nc3 d6 6.Bg5 Nbd7 7.Qc2 a4 8.a3 Bxc3+
9.bxc3 c5 10.e4 e5 11.Bd3 h6 12.Be3 Qc7 13.Nh4 Nb6 14.d5 g5 15.Nf3 Nh5 16.g3 Bh3
17.Rg1 Nf6 18.Rb1 Ra6 19.Rb5 Ng4 20.Bc1 Rg8 21.Qe2 f6 22.Nd2 h5 23.f4 Qe7
24.Nf3 Kd8 25.Qd2 gxf4 26.gxf4 f5 27.Ng5 Rxg5 28.fxg5 f4 29.Qe2 Qxg5 30.Bd2 Kc7
31.Kd1 Qh4 32.Kc2 Nd7 33.Kb2 Qf2 34.Qxf2 Nxf2 35.Bc2 Bg4 36.Rg2 Nh3 37.Bd3 Nf6
38.Kc2 Ng5 39.Rb1 Ngxe4 40.h3 Nxd2 41.Kxd2 Bxh3 42.Rg7+ Nd7 43.Rh1 Bg4 44.Be2 f3
45.Bd1 Rb6 46.Ke3 Rb1 47.Bxf3 Rxh1 48.Bxh1 Kc8 49.Rg8+ Kc7 50.Rg7 Kc8  1/2-1/2

[Event "10th It"]
[Site "Lippstadt GER"]
[Date "2000.07.15"]
[Round "10"]
[White "Dautov,R"]
[Black "Brenke,A"]
[Result "1/2-1/2"]
[WhiteElo "2606"]
[BlackElo "2357"]

1.d4 Nf6 2.c4 e6 3.Nf3 Bb4+ 4.Bd2 Bxd2+ 5.Qxd2 O-O 6.g3 d5 7.Bg2 Nbd7 8.O-O dxc4
9.Na3 e5 10.Nxc4 e4 11.Nfe5 Nb6 12.Na5 Re8 13.Rfd1 c6 14.Nb3 Nbd7 15.Nc4 Nb6
16.Ne5 Nbd7 17.Qf4 Qe7 18.Nxd7 Bxd7 19.Nc5 Bg4 20.Re1 Rad8 21.Rad1 Bc8 22.Qc1 h5
23.h3 Rd5 24.Qe3 Rf5 25.Qc1 Qd6 26.Rf1 e3 27.Rd3 b6 28.Nb3 exf2+ 29.Rxf2 Rxf2
30.Kxf2 Ne4+ 31.Bxe4 Rxe4 32.Re3 Qf6+  1/2-1/2

[Event "10th Smith & Williamson YM"]
[Site "Witley ENG"]
[Date "2000.07.15"]
[Round "2"]
[White "Bates,Ri"]
[Black "Hansen,TR"]
[Result "1-0"]
[WhiteElo "2368"]
[BlackElo "2245"]

1.d4 Nf6 2.Nf3 e6 3.c4 Bb4+ 4.Bd2 Qe7 5.g3 Nc6 6.Bg2 Bxd2+ 7.Nbxd2 d6 8.O-O a5
9.e4 e5 10.d5 Nb8 11.Ne1 O-O 12.Nd3 Na6 13.f4 c6 14.a3 cxd5 15.cxd5 Bg4 16.Bf3 Bxf3
17.Qxf3 Rac8 18.Rac1 a4 19.fxe5 dxe5 20.Qf5 Rxc1 21.Rxc1 Nd7 22.Qf2 f5 23.exf5 g6
24.Qe3 gxf5 25.Nf3 e4 26.Nd4 Qf6 27.Nf4 Ne5 28.Nfe6 Re8 29.Rf1 Ng4 30.Qe2 Rxe6
31.Nxe6  1-0

[Event "Golden Cleopatra Open"]
[Site "Cairo EGY"]
[Date "2000.07.17"]
[Round "6"]
[White "Goloshchapov,A"]
[Black "Miezis,N"]
[Result "1-0"]
[WhiteElo "2526"]
[BlackElo "2518"]

1.d4 Nf6 2.Nf3 e6 3.c4 Bb4+ 4.Bd2 Qe7 5.g3 Nc6 6.Bg2 d5 7.O-O O-O 8.Bg5 dxc4
9.Ne5 Nxe5 10.dxe5 Qc5 11.a3 Ba5 12.Bxf6 gxf6 13.exf6 Qe5 14.Nd2 Bxd2 15.Qxd2 Qxf6
16.Rfd1 c6 17.a4 e5 18.Qb4 Rd8 19.a5 Rb8 20.Bxc6 Bg4 21.Qxc4 Bxe2 22.Qxe2 bxc6
23.Rxd8+ Rxd8 24.Rc1 Rd5 25.b4 Rd4 26.Rc5 e4 27.Qg4+ Kf8 28.Qc8+ Kg7 29.Qg4+ Kf8
30.Qc8+ Kg7 31.Qxc6 Rd1+ 32.Kg2 Qf3+ 33.Kh3 h6 34.Qc8 e3 35.Rf5 Qe2 36.Qc3+ Kg8
37.Qc8+ Kg7 38.Qc3+ Kg8 39.Qxe3 Qf1+ 40.Kh4 Qc4+ 41.Rf4 Qc6 42.Qxa7 Qe8 43.Qc5 Qd8+
44.Kh3 Qd7+ 45.Qf5 Qe7 46.Qg4+  1-0

[Event "KB Czech Open"]
[Site "Pardubice CZE"]
[Date "2000.07.22"]
[Round "2"]
[White "Halkias,S"]
[Black "Hedman,E"]
[Result "1-0"]
[WhiteElo "2502"]
[BlackElo "2323"]

1.d4 Nf6 2.c4 e6 3.Nf3 Bb4+ 4.Bd2 Bxd2+ 5.Qxd2 O-O 6.Nc3 d5 7.Rc1 Qe7 8.e3 Nbd7
9.cxd5 exd5 10.Bd3 c6 11.Qc2 Re8 12.Nd2 Nf8 13.O-O Bg4 14.Rce1 Rad8 15.a3 Qd6
16.b4 Bh5 17.f4 Ng4 18.Nd1 Bg6 19.Bxg6 Nxg6 20.Nf3 f6 21.h3 Nh6 22.Nf2 a5
23.Nd3 axb4 24.axb4 Nf5 25.Nc5 Nxe3 26.Rxe3 Rxe3 27.Nxb7 Qd7 28.Nxd8 Qxd8
29.Qxc6 Nxf4 30.Ra1 Rc3 31.Qb7 Rc7 32.Qb5 Rc2 33.Re1 Kf7 34.Nh4 g5 35.Nf5 Kg6
36.Ne7+ Kh6 37.Qa6 Rxg2+ 38.Kh1 Qd7 39.Qxf6+ Ng6 40.Qf7  1-0

[Event "10th Open"]
[Site "Jyvaskyla FIN"]
[Date "2000.07.23"]
[Round "9"]
[White "Pirttimaki,T"]
[Black "Kiik,K"]
[Result "0-1"]
[WhiteElo "2267"]
[BlackElo "2442"]

1.d4 Nf6 2.Nf3 e6 3.c4 Bb4+ 4.Bd2 Qe7 5.a3 Bxd2+ 6.Qxd2 d6 7.Nc3 e5 8.g3 e4
9.Nh4 h6 10.Ng2 c6 11.Ne3 Na6 12.Bg2 O-O 13.O-O Re8 14.b4 Nc7 15.Rab1 d5
16.c5 h5 17.b5 h4 18.Rb2 h3 19.Bh1 Nh7 20.bxc6 bxc6 21.Qc2 f5 22.Qa4 f4 23.Qxc6 fxe3
24.Nxd5 Nxd5 25.Qxd5+ Be6 26.Qxe4 exf2+ 27.Rxf2 Nf6 28.Qb7 Rad8 29.Qxe7 Rxe7
30.Rf4 Bd5 31.Bxd5+ Nxd5 32.Rf3 Rde8 33.c6 Rxe2 34.Rf2 Re1+ 35.Rf1 Rxf1+
36.Kxf1 Kf7 37.Rb7+ Re7 38.Kf2 Ke6 39.Kf3 Kd6 40.Rb8  0-1

[Event "KB Czech Open"]
[Site "Pardubice CZE"]
[Date "2000.07.23"]
[Round "3"]
[White "Tratar,M"]
[Black "Kubala,M"]
[Result "0-1"]
[WhiteElo "2410"]
[BlackElo "2308"]

1.Nf3 Nf6 2.d4 e6 3.c4 Bb4+ 4.Bd2 Bxd2+ 5.Qxd2 b6 6.g3 Bb7 7.Bg2 d6 8.O-O Nbd7
9.Qc2 O-O 10.Nc3 c5 11.d5 e5 12.e4 g6 13.Bh3 Nh5 14.Ne1 Bc8 15.Nd3 f5 16.f4 exf4
17.Nxf4 Nxf4 18.gxf4 Qh4 19.Qg2 Nf6 20.e5 dxe5 21.fxe5 Qd4+ 22.Kh1 Qxe5 23.Rae1 Qd4
24.Bxf5 Bxf5 25.Rxf5 Ng4 26.Rxf8+ Rxf8 27.Ne4 Ne3  0-1

[Event "MTO Open"]
[Site "Biel SUI"]
[Date "2000.07.24"]
[Round "1"]
[White "Rashkovsky,N"]
[Black "Perruchoud,B"]
[Result "1-0"]
[WhiteElo "2508"]
[BlackElo "2233"]

1.d4 e6 2.Nf3 Nf6 3.c4 Bb4+ 4.Bd2 Qe7 5.g3 Nc6 6.Nc3 O-O 7.Bg2 d6 8.O-O Bxc3
9.Bxc3 Ne4 10.Qc2 Nxc3 11.Qxc3 e5 12.d5 Nb8 13.c5 Nd7 14.cxd6 cxd6 15.Qc7 Re8
16.Nd2 Nb6 17.Qxe7 Rxe7 18.Ne4 Nxd5 19.Nxd6 Be6 20.Rfd1 Nb4 21.Nxb7 Bxa2
22.Nc5 Rc8 23.Bh3 f5 24.Na6 Nxa6 25.Rxa2 Nb4 26.Ra4 Rb8 27.Bxf5 Nc6 28.Be4 Nd4
29.Rd2 g6 30.e3 Nb3 31.Rc2 Rd8 32.Rac4 Rd1+ 33.Kg2 Rdd7 34.R4c3 Nd2 35.Bc6 Rd6
36.e4 Rd4 37.Bd5+ Kg7 38.f3 h5 39.Kf2 g5 40.Ke2 Nb1 41.Rc4 Rxc4 42.Rxc4  1-0

[Event "MTO Open"]
[Site "Biel SUI"]
[Date "2000.07.25"]
[Round "2"]
[White "Kelecevic,N"]
[Black "Rashkovsky,N"]
[Result "0-1"]
[WhiteElo "2414"]
[BlackElo "2508"]

1.d4 Nf6 2.c4 e6 3.Nf3 Bb4+ 4.Bd2 Qe7 5.Nc3 b6 6.g3 Bb7 7.Bg2 O-O 8.O-O d6
9.a3 Bxc3 10.Bxc3 Nbd7 11.Rc1 a5 12.b3 Ne4 13.Bb2 c5 14.Qc2 f5 15.Rcd1 Ndf6
16.dxc5 bxc5 17.Nd2 Ra6 18.f3 Ng5 19.Bxf6 gxf6 20.Nb1 h5 21.h4 Nf7 22.e3 Kh8
23.Nc3 Rg8 24.Kh2 Ne5 25.Ne2 Rb6 26.Qc3 Bc6 27.Rb1 Rgb8 28.Ng1 Qb7 29.Qxa5 Rxb3
30.Rxb3 Qxb3 31.Qc7 Rg8 32.Qxd6 Qxe3 33.Qe7 Qh6 34.Ne2 Qg7 35.Qxg7+ Kxg7
36.Nf4 Kf7 37.Nxh5 Ra8 38.Ra1 Nxc4 39.Rc1 Bd5 40.Nf4 Rxa3 41.g4 fxg4 42.fxg4 Ne3
43.Bxd5 Nxg4+ 44.Kg1 exd5 45.Rxc5 d4 46.Rc7+ Ke8 47.Ne6 d3 48.Ng7+ Kf8 49.Ne6+ Kg8
50.Rg7+ Kh8 51.Rd7 Ne5 52.Rd8+ Kh7 53.Nf4 d2 54.Kg2 Nd3 55.Rd7+ Kh6  0-1

[Event "KB Czech Open"]
[Site "Pardubice CZE"]
[Date "2000.07.26"]
[Round "6"]
[White "Markos,J"]
[Black "Lezcano Jaen,P"]
[Result "1-0"]
[WhiteElo "2327"]
[BlackElo "2405"]

1.d4 Nf6 2.c4 e6 3.Nf3 Bb4+ 4.Bd2 Qe7 5.g3 Nc6 6.Bg2 Bxd2+ 7.Nbxd2 O-O 8.O-O d6
9.e4 e5 10.d5 Nb8 11.b4 a5 12.a3 Na6 13.Ne1 c6 14.Nd3 cxd5 15.cxd5 axb4 16.axb4 Bd7
17.Nc4 Bb5 18.Qb3 Nc7 19.Ra5 Nd7 20.Rc1 Bxc4 21.Rxc4 Nb6 22.Rc1 Qd7 23.f4 f6
24.Bh3 Qe7 25.Qc2 Rf7 26.Qf2 Rxa5 27.bxa5 Nba8 28.Rb1 exf4 29.Qxf4 g5 30.Qf3 Qe8
31.Rxb7 Qa4 32.Rb8+ Kg7 33.Bf5 Qxa5 34.Qh5  1-0

[Event "MTO Open"]
[Site "Biel SUI"]
[Date "2000.07.27"]
[Round "4"]
[White "Ditzler,J"]
[Black "Kleinhenz,HG"]
[Result "1-0"]
[WhiteElo "2140"]
[BlackElo "2041"]

1.d4 e6 2.Nf3 Nf6 3.c4 Bb4+ 4.Bd2 Bxd2+ 5.Nbxd2 b6 6.e4 d6 7.Bd3 Qe7 8.e5 Nfd7
9.Be4 c6 10.O-O d5 11.Bd3 Bb7 12.Qc2 c5 13.cxd5 Bxd5 14.Ne4 Nc6 15.Nd6+ Kf8
16.Be4 Nb4 17.Qe2 Bxe4 18.Qxe4 Nd5 19.Nf5 Qd8 20.Ne3 cxd4 21.Nxd4 Nc5 22.Qf3 Qd7
23.b4 Nd3 24.Nxd5 Nxe5 25.Qf4 Qxd5 26.Rad1 Ng6 27.Qc7 Qe5 28.Qb7 Qb8 29.Qe4 Qe8
30.Nb5 Rc8 31.Qb7 Ra8 32.Nd6  1-0

[Event "MTO Open"]
[Site "Biel SUI"]
[Date "2000.07.28"]
[Round "5"]
[White "Roiz,M"]
[Black "Vovsha,E"]
[Result "0-1"]
[WhiteElo "2440"]
[BlackElo "2353"]

1.d4 Nf6 2.c4 e6 3.Nf3 Bb4+ 4.Bd2 a5 5.g3 d6 6.Bg2 Nbd7 7.O-O e5 8.e3 Bxd2
9.Nfxd2 O-O 10.Nc3 c6 11.Qc2 Qe7 12.a3 Nb6 13.b3 Be6 14.f4 exd4 15.exd4 Bf5
16.Qb2 Qe3+ 17.Kh1 Qxd4 18.Rad1 Qc5 19.h3 d5 20.Rfe1 Qf2 21.g4 Bxg4 22.hxg4 Nxg4
23.cxd5 Rae8 24.Nce4 Qh4+ 25.Kg1 Qh2+ 26.Kf1 Qxf4+ 27.Kg1 cxd5 28.Qd4 dxe4
29.Qxb6 Re6  0-1

[Event "MTO Open"]
[Site "Biel SUI"]
[Date "2000.07.28"]
[Round "5"]
[White "Mantzouneas,N"]
[Black "Leutwyler,M"]
[Result "0-1"]
[WhiteElo "2037"]
[BlackElo "2154"]

1.d4 Nf6 2.Nf3 e6 3.c4 Bb4+ 4.Bd2 Qe7 5.Nc3 b6 6.e3 O-O 7.Be2 Bb7 8.O-O c5
9.a3 Bxc3 10.Bxc3 d6 11.b4 Nbd7 12.Qb3 Ne4 13.Be1 e5 14.d5 f5 15.Nd2 Ng5
16.f3 Rae8 17.Rf2 Qf6 18.Rd1 Qg6 19.Kh1 Re7 20.f4 exf4 21.exf4 Rfe8 22.Qd3 Re3
23.Qb1 Nh3 24.gxh3 Rxe2 25.Nf3 Qh5 26.Ng1 Rxf2 27.Bxf2 Re4 28.bxc5 dxc5 29.Re1 Rxc4
30.Qd1 Qxd1 31.Rxd1 Nf6 32.Ne2 Bxd5+ 33.Kg1 Bf3 34.Re1 Bxe2 35.Rxe2 Rxf4
36.Re7 Ra4  0-1

[Event "MTO Open"]
[Site "Biel SUI"]
[Date "2000.08.02"]
[Round "9"]
[White "Mantzouneas,N"]
[Black "Kleinhenz,HG"]
[Result "1/2-1/2"]
[WhiteElo "2037"]
[BlackElo "2041"]

1.d4 e6 2.c4 Nf6 3.Nf3 Bb4+ 4.Bd2 c5 5.dxc5 Bxc5 6.Nc3 O-O 7.e3 Nc6 8.Be2 b6
9.O-O Bb7 10.a3 a5 11.Qc2 Qc7 12.Nb5 Qb8 13.Bc3 Be7 14.Rfd1 d5 15.cxd5 Nxd5
16.Bd3 g6 17.Be1 Rc8 18.Qe2 Ne5 19.Nxe5 Qxe5 20.Nd4 Rc7 21.Rac1 Rac8 22.Rxc7 Rxc7
23.Nf3 Qh5  1/2-1/2

[Event "TCh-ESP"]
[Site "Barcelona ESP"]
[Date "2000.08.05"]
[Round "1"]
[White "Garcia Padron,Jo"]
[Black "Hernando Rodrigo,Jo"]
[Result "1-0"]
[WhiteElo "2440"]
[BlackElo "2343"]

1.d4 e6 2.c4 Nf6 3.Nf3 Bb4+ 4.Bd2 c5 5.g3 Qb6 6.Bg2 cxd4 7.Nxd4 Bc5 8.e3 Bxd4
9.exd4 Qxd4 10.Qe2 Qxb2 11.O-O O-O 12.Nc3 Nc6 13.g4 b6 14.g5 Ne8 15.a3 Nd6
16.Qd3 Nxc4 17.Ra2 Qb3 18.Be4 Nxd2 19.Bxh7+ Kh8 20.Rxd2 Ne5 21.Qh3 Nf3+ 22.Qxf3 Kxh7
23.Qh5+ Kg8 24.Rd3 Re8 25.Rf3 e5 26.Ne4 Qxf3 27.Qxf3  1-0

[Event "TCh-ESP"]
[Site "Barcelona ESP"]
[Date "2000.08.11"]
[Round "7"]
[White "Hernandez Cid,C"]
[Black "Fernandez,Eri"]
[Result "0-1"]
[WhiteElo "2188"]
[BlackElo "2277"]

1.d4 Nf6 2.Nf3 e6 3.c4 Bb4+ 4.Bd2 Qe7 5.e3 b6 6.Bd3 Bb7 7.O-O Bxd2 8.Nbxd2 d6
9.Rc1 Nbd7 10.Bb1 O-O 11.Qc2 a5 12.Ng5 g6 13.f4 e5 14.Rce1 Rae8 15.fxe5 dxe5
16.Nge4 Nxe4 17.Nxe4 f5 18.Nc3 exd4 19.exd4 Qxe1 20.Rxe1 Rxe1+ 21.Kf2 Rfe8
22.a3 Nf6 23.h3 Rh1 24.Qb3 Kg7 25.d5 Nd7 26.Bd3 Rc1 27.Na4 f4 28.Qb5 Re7
29.b4 axb4 30.Qxb4 Re3 31.Qb2+ Ne5 32.Be2 Rh1 33.Qd4 g5 34.Nc3 Kf6 35.Ne4+ Kf5
36.g4+ fxg3+ 37.Kxe3 g2 38.Ng3+ Kf6 39.Nxh1 gxh1=Q 40.Qd2 Qg1+ 41.Ke4 Bc8  0-1

[Event "TCh-ESP"]
[Site "Barcelona ESP"]
[Date "2000.08.12"]
[Round "8"]
[White "Izeta,F"]
[Black "Sanchez Guirado,F"]
[Result "0-1"]
[WhiteElo "2456"]
[BlackElo "2385"]

1.d4 Nf6 2.Nf3 e6 3.c4 Bb4+ 4.Bd2 a5 5.g3 d5 6.Qc2 Nc6 7.Bg2 dxc4 8.Qxc4 Qd5
9.Qd3 O-O 10.Nc3 Qh5 11.a3 Bxc3 12.Bxc3 b6 13.O-O Ba6 14.Qc2 Rac8 15.Rfe1 Ne7
16.e4 c5 17.d5 exd5 18.Bxf6 gxf6 19.exd5 Nxd5 20.Nh4 Nf4 21.Bf3 Qg5 22.Be4 Rcd8
23.Re3 Rd4 24.Nf3 Qg7 25.Kh1 Rc4 26.Qb3 Ne6 27.Bd3 b5 28.Bxc4 bxc4 29.Qb6 Bc8
30.h3 Qh6 31.Kh2 Kh8 32.Nh4 Rg8 33.Rd1 Qh5 34.Qxa5 Qxd1 35.Qc3 Qd4  0-1

[Event "TCh-ESP"]
[Site "Barcelona ESP"]
[Date "2000.08.12"]
[Round "8"]
[White "Carrasco Martinez,J"]
[Black "Oms Pallise,J"]
[Result "1-0"]
[WhiteElo "2265"]
[BlackElo "2430"]

1.d4 Nf6 2.Nf3 e6 3.c4 Bb4+ 4.Bd2 Qe7 5.g3 Nc6 6.Bg2 Bxd2+ 7.Nbxd2 a5 8.O-O d6
9.e4 e5 10.d5 Nb8 11.a3 a4 12.Ne1 O-O 13.Nd3 Bg4 14.Bf3 Bd7 15.Re1 Na6 16.Nf1 Rfb8
17.Ne3 g6 18.Rc1 Be8 19.Bg2 b6 20.f4 Nc5 21.fxe5 dxe5 22.Nf2 Bd7 23.Rc3 Kg7
24.Nc2 Ne8 25.Bh3 Bxh3 26.Nxh3 Nb3 27.Nf2 Nd6 28.Nd3 Nb7 29.Qf3 Rf8 30.Qf2 Rac8
31.Ndb4 N7a5 32.Kg2 f6 33.Rd1 Rcd8 34.Ne3 Nc5 35.Qc2 Rd6 36.Re1 Qd7 37.Nd3 Nab3
38.Nxc5 bxc5 39.Qf2 Rb8 40.g4 Nd4 41.Rd1 Rdb6 42.Rd2 Qc8 43.h3 Qb7 44.Nd1 h6
45.h4 Kh7 46.Qg3 Qc8 47.g5 Qd8 48.Rf2 Qe7 49.gxf6 Rxf6 50.Rxf6 Qxf6 51.Re3 Qf4
52.Qxf4 exf4 53.Re1 g5 54.hxg5 hxg5 55.e5 Kg6 56.e6 Nf5 57.e7 Nd6  1-0

[Event "Open"]
[Site "Polanica Zdroj POL"]
[Date "2000.08.21"]
[Round "5"]
[White "Eljanov,P"]
[Black "Jakubowski,K"]
[Result "1-0"]
[WhiteElo "2487"]
[BlackElo "2371"]

1.d4 Nf6 2.Nf3 e6 3.c4 Bb4+ 4.Bd2 a5 5.Nc3 d6 6.Qc2 Nbd7 7.a3 Bxc3 8.Bxc3 d5
9.e3 O-O 10.Bd3 b6 11.O-O Bb7 12.Nd2 h6 13.b4 axb4 14.axb4 dxc4 15.Nxc4 Qe7
16.e4 Rxa1 17.Rxa1 Ra8 18.Re1 Qd8 19.f3 Ra7 20.Qb2 Qa8 21.Bb1 Ra4 22.Ne3 Ra3
23.Nc4 Ra7 24.Qc2 Ba6 25.Ne3 c5 26.bxc5 bxc5 27.d5 e5 28.Qb2 Rb7 29.Qa2 g6
30.Bd3 Ra7 31.Ra1 c4 32.Bxc4 Qc8 33.Qa3 Qb8 34.Bxa6 Qb6 35.Bd2 Nb8 36.Qa5 Qxa5
37.Rxa5 Rxa6 38.Rxa6 Nxa6 39.Nc4 Nd7 40.Bxh6  1-0

[Event "III Pyramiden-Franken Cup"]
[Site "Fuerth GER"]
[Date "2000.08.22"]
[Round "4"]
[White "Chernin,A"]
[Black "Naiditsch,A"]
[Result "1/2-1/2"]
[WhiteElo "2572"]
[BlackElo "2449"]

1.d4 Nf6 2.c4 e6 3.Nf3 Bb4+ 4.Bd2 Qe7 5.g3 Nc6 6.Nc3 Bxc3 7.Bxc3 Ne4 8.Rc1 Nxc3
9.Rxc3 d6 10.d5 Nb8 11.dxe6 fxe6 12.Bg2 O-O 13.Nd4 c6 14.O-O Nd7 15.b4 e5
16.Nc2 Nf6 17.b5 Bd7 18.Ne3 e4 19.bxc6  1/2-1/2

[Event "IV Russian Cup Final"]
[Site "Elista RUS"]
[Date "2000.08.24"]
[Round "5"]
[White "Lastin,A"]
[Black "Bocharov,D"]
[Result "1-0"]
[WhiteElo "2580"]
[BlackElo "2438"]

1.d4 Nf6 2.Nf3 e6 3.c4 Bb4+ 4.Bd2 Qe7 5.g3 Nc6 6.Bg2 Bxd2+ 7.Nbxd2 d6 8.O-O a5
9.e4 e5 10.d5 Nb8 11.Ne1 h5 12.Nef3 Nbd7 13.Qe2 Nc5 14.h3 c6 15.b3 O-O 16.Qe3 cxd5
17.exd5 Bf5 18.a3 Rfc8 19.Nh4 Bh7 20.f4 e4 21.a4 Re8 22.Rae1 Qd7 23.Qd4 Bf5
24.Kh2 e3 25.Rxe3 Rxe3 26.Qxe3 Re8 27.Qd4 Re2 28.Rf2 Rxf2 29.Qxf2 Bc2 30.Qe3 Qe8
31.Qc3 Bd3 32.Qxa5 Qe1 33.Qd8+ Kh7 34.Ndf3 Qe8 35.Qxd6 Nxb3 36.Ne5 Be4 37.Qb4 Bxg2
38.Kxg2 Nd4 39.Qd2  1-0

[Event "Summer Festival Open"]
[Site "Lisbon POR"]
[Date "2000.08.25"]
[Round "5"]
[White "Andrade,Le"]
[Black "Galego,L"]
[Result "0-1"]
[WhiteElo "2208"]
[BlackElo "2419"]

1.d4 Nf6 2.Nf3 e6 3.c4 Bb4+ 4.Bd2 Qe7 5.g3 O-O 6.Bg2 Bxd2+ 7.Nbxd2 d6 8.e4 e5
9.d5 a5 10.O-O Na6 11.b3 Nc5 12.Re1 Bd7 13.a3 c6 14.Qe2 cxd5 15.exd5 Bf5
16.b4 Na6 17.c5 axb4 18.cxd6 Qxd6 19.Qxe5 Qxe5 20.Rxe5 Bd7 21.Nb3 bxa3 22.Rxa3 Nb4
23.Rxa8 Rxa8 24.Nfd4 Rc8 25.Bf3 Kf8 26.Kg2 b6 27.Nd2 Rc1 28.N4b3 Rc3 29.Nd4 Rd3
30.N2b3 Ba4 31.Re3 Rxe3 32.fxe3 Nbxd5 33.e4 Ne3+ 34.Kf2 Neg4+ 35.Kg1 Ne5
36.Bg2 g6 37.Kf1 Ke7 38.Ke2 Kd6 39.Kd2 Bd7 40.Kc3 Nfg4 41.h4 Nf6 42.Kb4 Nh5
43.Ne2 Nc6+ 44.Kc3 Bg4 45.Nbc1 b5 46.Kb3 f6 47.Kc3 b4+ 48.Kb3 Bxe2 49.Nxe2 Kc5  0-1

[Event "MSO Ron Banwell mem"]
[Site "London ENG"]
[Date "2000.08.26"]
[Round "7"]
[White "Gormally,D"]
[Black "Rahman,Zia"]
[Result "1/2-1/2"]
[WhiteElo "2499"]
[BlackElo "2421"]

1.d4 e6 2.Nf3 Nf6 3.c4 Bb4+ 4.Bd2 Qe7 5.Qc2 O-O 6.Nc3 d6 7.a3 Bxc3 8.Bxc3 Nc6
9.e3 a5 10.b3 e5 11.d5 Nd8 12.Nd2 b5 13.e4 c6 14.dxc6 bxc4 15.Bxc4 Nxc6 16.O-O Bb7
17.Qd3 Nh5 18.g3 Nf6 19.Rfe1 Nd7 20.b4 Nb6 21.Bb3 Rfd8 22.Qe3 Nd7 23.Nc4 Nd4
24.Bxd4 exd4 25.Qxd4 Ne5 26.Qe3 axb4 27.axb4 Rxa1 28.Rxa1 Nxc4 29.Bxc4 Qxe4
30.Qxe4 Bxe4 31.b5 Kf8 32.Bf1 d5 33.f4 Ke7 34.Kf2 f5 35.Ra7+ Kf6 36.Ra6+ Ke7
37.Ra7+ Kf6 38.Rc7 d4 39.Ke1 Ra8 40.Rd7 Ra1+ 41.Kf2 Ra2+ 42.Ke1 Ra1+ 43.Kf2  1/2-1/2

[Event "ch-HUN KO"]
[Site "Budapest HUN"]
[Date "2000.08.29"]
[Round "1.2"]
[White "Hetenyi,G"]
[Black "Bednay,D"]
[Result "1-0"]
[WhiteElo "2199"]
[BlackElo "2066"]

1.d4 Nf6 2.c4 e6 3.Nf3 Bb4+ 4.Bd2 Qe7 5.Qc2 Nc6 6.Nc3 O-O 7.e3 Re8 8.a3 Bxc3
9.Bxc3 d6 10.Be2 e5 11.d5 Nb8 12.O-O Bg4 13.Rfe1 Nbd7 14.b4 b6 15.a4 Nf8
16.a5 N6d7 17.Ra2 Ng6 18.Rea1 Rac8 19.axb6 axb6 20.Ra7 Bxf3 21.Bxf3 e4 22.Be2 f5
23.Bd4 Qg5 24.Kh1 Nde5 25.c5 Nh4 26.Rg1 Qd8 27.Bb5 Rf8 28.Qb2 Neg6 29.cxb6 cxb6
30.Rga1 Rf7 31.Rxf7 Kxf7 32.Ra7+ Kg8 33.h3 Rb8 34.Bf1 Qc8 35.b5 Rb7 36.Ra1 Qb8
37.Rc1 Rc7 38.Rc6  1-0

[Event "5th Paks Cup IM"]
[Site "Paks HUN"]
[Date "2000.08.29"]
[Round "11"]
[White "Belotelov,D"]
[Black "Friedrichs,K"]
[Result "1/2-1/2"]
[WhiteElo "2270"]
[BlackElo "2248"]

1.d4 Nf6 2.c4 e6 3.Nf3 Bb4+ 4.Bd2 Qe7 5.g3 Nc6 6.Nc3 Bxc3 7.Bxc3 Ne4 8.Rc1 O-O
9.Bg2 d6 10.O-O Nxc3 11.Rxc3 e5 12.d5 Nb8 13.b4 a5  1/2-1/2

[Event "Borowski"]
[Site "Essen GER"]
[Date "2000.09.02"]
[Round "7"]
[White "Dautov,R"]
[Black "Seul,G"]
[Result "1-0"]
[WhiteElo "2606"]
[BlackElo "2447"]

1.d4 Nf6 2.c4 e6 3.Nf3 Bb4+ 4.Bd2 Qe7 5.g3 Nc6 6.Nc3 d5 7.a3 Bxc3 8.Bxc3 a5
9.Bg2 Ne4 10.Rc1 O-O 11.O-O Bd7 12.Qc2 Rfd8 13.e3 Be8 14.Ne1 Nf6 15.cxd5 exd5
16.Nd3 Ne4 17.Rfd1 f6 18.Nf4 Bf7 19.Be1 a4 20.f3 Nd6 21.Bf2 Nc4 22.e4 Nb6
23.Qc5 Qe8 24.Re1 dxe4 25.fxe4 Ra5 26.Qc3 Rb5 27.d5 Rb3 28.Qc2 Ne5 29.Qxc7 Nbd7
30.Bd4 Ra8 31.Re3 Rxe3 32.Bxe3 g5 33.Ne2 f5 34.Bxg5 fxe4 35.Bxe4 Ng6 36.Bf5 Nde5
37.Nd4 Bxd5 38.Qd6 Bf7 39.Re1 Ra5 40.Bxg6 hxg6 41.Bf4 Rd5 42.Rxe5  1-0

[Event "chT-POL"]
[Site "Zakopane chT"]
[Date "2000.09.03"]
[Round "2"]
[White "Gritsak,O"]
[Black "Kveinys,A"]
[Result "1/2-1/2"]
[WhiteElo "2500"]
[BlackElo "2522"]

1.d4 Nf6 2.c4 e6 3.Nf3 Bb4+ 4.Bd2 a5 5.Nc3 d5 6.cxd5 exd5 7.Bg5 h6 8.Bh4 g5
9.Bg3 Ne4 10.Nd2 Nxg3 11.hxg3 Bf8 12.e3 Bg7 13.Bd3 c6 14.Qc2 Be6 15.Bf5 Bxf5
16.Qxf5 Nd7 17.g4 Qf6 18.Qxf6 Nxf6 19.f3 Kd7 20.Kf2 a4 21.Nf1 Ne8 22.Ng3 Nd6
23.Nh5 Bf8 24.e4 Nc4 25.exd5 Nxb2 26.dxc6+ bxc6 27.Ne4 Be7 28.Ng7 Nd3+  1/2-1/2

[Event "Open"]
[Site "Cesenatico ITA"]
[Date "2000.09.04"]
[Round "3"]
[White "Skembris,S"]
[Black "Lucchi,V"]
[Result "1/2-1/2"]
[WhiteElo "2475"]
[BlackElo "2135"]

1.d4 Nf6 2.c4 e6 3.Nf3 Bb4+ 4.Bd2 Qe7 5.Nc3 Bxc3 6.Bxc3 Ne4 7.Rc1 O-O 8.g3 d6
9.Bg2 Nxc3 10.Rxc3 Nc6 11.d5 Nb8 12.dxe6 fxe6 13.O-O Na6 14.Nd4 e5 15.Nb5 Rf6
16.f4 c6 17.fxe5 Rxf1+ 18.Bxf1 cxb5 19.cxb5 Nc5 20.exd6 Qe5 21.Qc1 b6 22.Bg2 Rb8
23.b4 Qd4+ 24.Qe3 Qd1+ 25.Kf2 Bh3 26.Qe5 Rf8+ 27.Rf3 Rxf3+ 28.Kxf3 Bxg2+
29.Kxg2 Nd7 30.Qe6+ Kf8 31.Qe7+ Kg8 32.Qe6+ Kf8 33.Qe7+ Kg8  1/2-1/2